000 00385pam a2200145 a 4500
020 _c
041 _h
082 _a658
_bSTA
100 _aStacey,R.D.
245 _aComplexity And Management Fad For Radical Challenges To Systems Thinking
_hTextual Documents
260 _aLondan
_bRoutledge And Kegan Poul
_c2003
300 _aX/224
700 _aGriffin,D
_aShaw,P.
930 _a6180
999 _c113008
_d113008